<?xml version="1.0" encoding="UTF-8"?>
<record
    xmlns:xsi="http://www.w3.org/2001/XMLSchema-instance"
    xsi:schemaLocation="http://www.loc.gov/MARC21/slim http://www.loc.gov/standards/marcxml/schema/MARC21slim.xsd"
    xmlns="http://www.loc.gov/MARC21/slim">

  <leader>02680nam a2200385 i 4500</leader>
  <controlfield tag="001">000000447032</controlfield>
  <controlfield tag="003">IT-MiSPE</controlfield>
  <controlfield tag="005">20250319113236.0</controlfield>
  <controlfield tag="008">210424s2016    it            001 u ita d</controlfield>
  <datafield tag="020" ind1=" " ind2=" ">
    <subfield code="a">9788835043775</subfield>
    <subfield code="c">16,50 &#x20AC;</subfield>
  </datafield>
  <datafield tag="040" ind1=" " ind2=" ">
    <subfield code="a">IT-MiSPE</subfield>
    <subfield code="b">ita</subfield>
    <subfield code="d">fb</subfield>
    <subfield code="e">rda</subfield>
    <subfield code="c">IT-MiSPE</subfield>
  </datafield>
  <datafield tag="041" ind1=" " ind2=" ">
    <subfield code="a">ita</subfield>
    <subfield code="h">ger</subfield>
  </datafield>
  <datafield tag="082" ind1=" " ind2=" ">
    <subfield code="a">110-KAN im pr (ppv 23388)</subfield>
  </datafield>
  <datafield tag="100" ind1="1" ind2=" ">
    <subfield code="a">Kant, Immanuel,</subfield>
    <subfield code="d">1724-1804,</subfield>
    <subfield code="e">autore</subfield>
    <subfield code="9">57138</subfield>
  </datafield>
  <datafield tag="240" ind1="1" ind2="0">
    <subfield code="a">Prolegomena zu einer jeden k&#xFC;nftigen Metaphysik, die als Wissenschaft wird auftreten k&#xF6;nnen.</subfield>
    <subfield code="l">Italiano</subfield>
  </datafield>
  <datafield tag="245" ind1="1" ind2="0">
    <subfield code="a">Prolegomeni ad ogni futura metafisica che potr&#xE0; presentarsi come scienza /</subfield>
    <subfield code="c">Immanuel Kant ; a cura di Renato Pettoello.</subfield>
  </datafield>
  <datafield tag="264" ind1=" " ind2="4">
    <subfield code="c">&#xA9;2016.</subfield>
  </datafield>
  <datafield tag="264" ind1=" " ind2="1">
    <subfield code="a">Brescia :</subfield>
    <subfield code="b">Editrice La Scuola,</subfield>
    <subfield code="c">[2016]</subfield>
  </datafield>
  <datafield tag="300" ind1=" " ind2=" ">
    <subfield code="a">306 p. ;</subfield>
    <subfield code="c">19,5 cm</subfield>
  </datafield>
  <datafield tag="336" ind1=" " ind2=" ">
    <subfield code="a">testo</subfield>
    <subfield code="b">txt</subfield>
    <subfield code="2">rdacontent</subfield>
  </datafield>
  <datafield tag="337" ind1=" " ind2=" ">
    <subfield code="a">senza mediazione</subfield>
    <subfield code="b">n</subfield>
    <subfield code="2">rdamedia</subfield>
  </datafield>
  <datafield tag="338" ind1=" " ind2=" ">
    <subfield code="a">volume</subfield>
    <subfield code="b">nc</subfield>
    <subfield code="2">rdacarrier</subfield>
  </datafield>
  <datafield tag="490" ind1="1" ind2=" ">
    <subfield code="a">Classici del pensiero ;</subfield>
    <subfield code="v">012</subfield>
  </datafield>
  <datafield tag="500" ind1=" " ind2=" ">
    <subfield code="a">Titolo originale: Prolegomena zu einer jeden k&#xFC;nftigen Metaphysik, die als Wissenschaft wird auftreten k&#xF6;nnen</subfield>
  </datafield>
  <datafield tag="504" ind1=" " ind2=" ">
    <subfield code="a">Bibliografia (pagine 293-299) e indici</subfield>
  </datafield>
  <datafield tag="520" ind1=" " ind2=" ">
    <subfield code="a">Kant scrisse i Prolegomeni (1783) con l'intento di chiarire le tematiche della prima edizione della Critica della ragion pura (1781) che erano risultate ostiche, quando non del tutto incomprensibili, a molti lettori. Si tratta dunque di un'esposizione "popolare", ma non certo di un'opera meramente divulgativa ed ancor meno di un semplice riassunto della Critica: i Prolegomeni sono un'opera autonoma - caratterizzata da una metodologia specifica e animata da un vivace spirito battagliero - e come tali vanno letti. Questa nuova traduzione si propone di conciliare una rigorosa adesione al testo originale con la massima leggibilit&#xE0; possibile ed &#xE8; arricchita da un ampio apparato critico, che pu&#xF2; essere utilizzato a diversi livelli, dal semplice chiarimento terminologico e concettuale agli approfondimenti, intesi a chiarire i rapporti dei Prolegomeni con le due edizioni della Critica della ragion pura, con i critici contemporanei di Kant e con alcuni sviluppi del suo pensiero.</subfield>
  </datafield>
  <datafield tag="546" ind1=" " ind2=" ">
    <subfield code="a">Traduzione di Renato Pettoello</subfield>
  </datafield>
  <datafield tag="655" ind1=" " ind2="7">
    <subfield code="a">Filosofi di lingua tedesca. Generalit&#xE0; e filosofi fino al 1920</subfield>
    <subfield code="x">Filosofi 1801-1920: Kant Immanuel, 1724-1804. Opere.</subfield>
    <subfield code="2">local</subfield>
    <subfield code="9">61878</subfield>
  </datafield>
  <datafield tag="700" ind1="1" ind2=" ">
    <subfield code="a">Pettoello, Renato,</subfield>
    <subfield code="d">1953-,</subfield>
    <subfield code="e">curatore.</subfield>
    <subfield code="9">61879</subfield>
  </datafield>
  <datafield tag="700" ind1="1" ind2="2">
    <subfield code="i">Contiene (opera)</subfield>
    <subfield code="a">Kant, Immanuel,</subfield>
    <subfield code="d">1724-1804.</subfield>
    <subfield code="t">Prolegomena.</subfield>
    <subfield code="9">61880</subfield>
  </datafield>
  <datafield tag="700" ind1="1" ind2="2">
    <subfield code="i">Contiene (espressione)</subfield>
    <subfield code="a">Kant, Immanuel,</subfield>
    <subfield code="d">1724-1804.</subfield>
    <subfield code="t">Prolegomena.</subfield>
    <subfield code="l">Italiano.</subfield>
    <subfield code="9">61881</subfield>
  </datafield>
  <datafield tag="830" ind1=" " ind2="0">
    <subfield code="a">Classici del pensiero [La scuola] ;</subfield>
    <subfield code="v">12.</subfield>
    <subfield code="9">61882</subfield>
  </datafield>
  <datafield tag="942" ind1=" " ind2=" ">
    <subfield code="2">ddc</subfield>
    <subfield code="c">BK</subfield>
  </datafield>
  <datafield tag="999" ind1=" " ind2=" ">
    <subfield code="c">360449</subfield>
    <subfield code="d">360449</subfield>
  </datafield>
  <datafield tag="952" ind1=" " ind2=" ">
    <subfield code="0">0</subfield>
    <subfield code="1">0</subfield>
    <subfield code="2">ddc</subfield>
    <subfield code="4">0</subfield>
    <subfield code="6">110KAN_IM_PR_PPV_23388</subfield>
    <subfield code="7">1</subfield>
    <subfield code="a">CINISELLO</subfield>
    <subfield code="b">CINISELLO</subfield>
    <subfield code="d">2025-03-19</subfield>
    <subfield code="l">0</subfield>
    <subfield code="o">110-KAN im pr (ppv 23388)</subfield>
    <subfield code="p">9788835043775</subfield>
    <subfield code="r">2025-03-19 11:33:12</subfield>
    <subfield code="w">2025-03-19</subfield>
    <subfield code="y">BK</subfield>
  </datafield>
</record>
